| 000 | 00371nam a22001337a 4500 | ||
|---|---|---|---|
| 082 |
_a345.5491 _bANJ |
||
| 100 | _aAjnum, Ahsan Sohail | ||
| 245 |
_aCode of Criminal Procedure [V of 1898] / _cAhsan Sohail Ajnum |
||
| 260 |
_aLahore : _bMansoor Law Book House, _c2023. |
||
| 300 |
_a888 p. ; _e24 cm. |
||
| 563 | _aHB. | ||
| 650 | _aCriminal Law | ||
| 942 |
_2ddc _cBK |
||
| 999 |
_c613887 _d613887 |
||